Una aproximación de la visión del mundo de sectores campesinos del Valle Central. Estudio de casos de autobiografías campesinas /
Shranjeno v:
| Glavni avtor: | |
|---|---|
| Format: | Tesis |
| Jezik: | Spanish |
| Izdano: |
San José :
1983
|
| Oznake: |
Označite
Brez oznak, prvi označite!
|
MARC
| LEADER | 00000 a a2200000 04500 | ||
|---|---|---|---|
| 001 | 17962 | ||
| 003 | cru CIDCACS/IIS | ||
| 005 | 20200925160925.0 | ||
| 008 | 171110b xxu||||| |||| 00| 0 spa d | ||
| 999 | |c 18112 |d 18112 | ||
| 040 | |c CRAI/IIS |a CRAI/IIS | ||
| 090 | |a 05.03.05 C172a | ||
| 100 | |a Camacho Soto, María Antonieta | ||
| 245 | |a Una aproximación de la visión del mundo de sectores campesinos del Valle Central. Estudio de casos de autobiografías campesinas / |c María Antonieta Camacho Soto | ||
| 260 | |a San José : |c 1983 | ||
| 300 | |a 143 páginas | ||
| 502 | |a Tesis (Magister Scientiae) -- UCR. Sistema de Estudios de Post-Grado, 1983 | ||
| 942 | |2 ddc |c LI | ||
